UBT Library

The corporate strategy matrix / (Record no. 40362)

000 -LEADER
fixed length control field 00560cam a2200217 a 4500
001 - CONTROL NUMBER
control field 3315829
005 - DATE AND TIME OF LATEST TRANSACTION
control field 20180116045658.0
008 - FIXED-LENGTH DATA ELEMENTS--GENERAL INFORMATION
fixed length control field 860131s1986 nyua b 001 0 eng
010 ## - LIBRARY OF CONGRESS CONTROL NUMBER
LC control number 84045316
020 ## - INTERNATIONAL STANDARD BOOK NUMBER
International Standard Book Number 0465014259 :
Terms of availability $24.95
040 ## - CATALOGING SOURCE
Original cataloging agency DLC
Transcribing agency DLC
Modifying agency DLC
041 ## - LANGUAGE CODE
Language code of text/sound track or separate title eng
080 ## - UNIVERSAL DECIMAL CLASSIFICATION NUMBER
Universal Decimal Classification number 658.4012
082 00 - DEWEY DECIMAL CLASSIFICATION NUMBER
Classification number 658.4012 NAY
Edition number 19
100 1# - Rafti
Rafti 54
101 ## - Shkurtesa
Shkurtesa LID
245 14 - TITLE STATEMENT
Title The corporate strategy matrix /
Statement of responsibility, etc Thomas H. Naylor.
504 ## - BIBLIOGRAPHY, ETC. NOTE
Bibliography, etc Bibliography: p. 276-280.
906 ## - LOCAL DATA ELEMENT F, LDF (RLIN)
a 7
b cbc
c orignew
d 1
e ocip
f 19
g y-gencatlg
942 ## - ADDED ENTRY ELEMENTS (KOHA)
Source of classification or shelving scheme
Item type Books
Holdings
Withdrawn status Lost status Source of classification or shelving scheme Damaged status Not for loan Collection code Permanent location Current location Shelving location Date acquired Total Checkouts Full call number Barcode Date last seen Price effective from Koha item type
          Koleksioni i përgjithshem UBT - Lipjan UBT - Lipjan Koleksioni i përgjithshem 01/16/2018   658.4012 NAY 002-2995609 01/16/2018 01/16/2018 Books
UBT Library © 2015-2024. All rights reserved University Education for Business and Technology